[Event "6th Aceimar op"]
[Site "?"]
[Date "1999.07.31"]
[Round "?"]
[White "Korneev, Oleg"]
[Black "Gomez Esteban, Juan Mario"]
[WhiteElo "2615"]
[BlackElo "2476"]
[Result "0-1"]

1. e4 c6 2. d4 d5 3. e5 Bf5 4. Nf3 e6 5. Bd3 Ne7 6. Nc3 Nd7 7. O-O Bxd3 8. Qxd3 Nf5 9. Ne2 Be7 10. c3 h5 11. Ng3 g6 12. Re1 h4 13. Nf1 c5 14. h3 c4 15. Qc2 b5 16. Ne3 Kf8 17. Kh2 Rh5 18. g4 hxg3+ 19. fxg3 Nxg3 20. Kxg3 Bh4+ 21. Kh2 Bxe1 22. Ng2 Bxc3 23. bxc3 Kg8 24. h4 Rf5 25. Kg3 Qc7 26. Ne3 Rh5 27. Kg2 a5 28. a3 Kg7 29. Ng4 Rah8 30. Rb1 b4 31. axb4 axb4 32. cxb4 Ra8 33. Bg5 Ra3 34. Nf6 Nxf6 35. exf6+ Kg8 36. b5 Rxg5+ 37. hxg5 Qf4 38. Qf2 Qg4+ 39. Kh2 Rxf3 40. Qg2 Qh4+ 41. Kg1 Qxd4+ 

0-1

[Event "1nd Elgoibar"]
[Site "?"]
[Date "2001.12.18"]
[Round "?"]
[White "Georgiev, Vladimir"]
[Black "Gomez Esteban, Juan Mario"]
[WhiteElo "2564"]
[BlackElo "2499"]
[Result "0-1"]

1. d4 d5 2. c4 e6 3. Nc3 Be7 4. Nf3 Nf6 5. Bg5 O-O 6. e3 h6 7. Bxf6 Bxf6 8. Rc1 c6 9. Bd3 Nd7 10. O-O dxc4 11. Bxc4 e5 12. Bb3 exd4 13. exd4 Re8 14. Qd3 Nc5 15. Qc4 Nxb3 16. Qxb3 Qb6 17. Qxb6 axb6 18. h3 Be6 19. b3 b5 20. Rc2 Bf5 21. Rd2 Rad8 22. g4 Bh7 23. Kg2 Be7 24. Re2 Bd3 25. Rc1 Bxe2 26. Nxe2 Bd6 27. Rc2 Ba3 28. Ng3 g6 29. h4 Bd6 30. Ne2 Re4 31. g5 h5 32. Nc3 Rg4+ 33. Kf1 Bb4 34. Ne2 Bf8 35. a4 bxa4 36. bxa4 Ra8 37. Ne5 Rxh4 38. Rb2 Ra7 39. Kg2 Bg7 40. f4 c5 41. Nf3 Rg4+ 42. Kf2 cxd4 43. Rd2 Rxa4 44. Nh2 Rh4 45. Kg3 Rxh2 46. Kxh2 b5 47. Kg3 Kf8 48. Kf3 Ke7 49. Nc1 Kd6 50. Ne2 Ra3+ 51. Kf2 Kd5 52. Rb2 d3 53. Rxb5+ Kc4 54. Rb7 dxe2 55. Kxe2 h4 56. Rxf7 Bd4 57. f5 Ra2+ 58. Kf3 gxf5 

0-1

[Event "Leon op"]
[Site "?"]
[Date "1997.??.??"]
[Round "?"]
[White "Strikovic, Aleksa"]
[Black "Gomez Esteban, Juan Mario"]
[WhiteElo "2560"]
[BlackElo "2490"]
[Result "0-1"]

1. e4 c5 2. c3 d5 3. exd5 Qxd5 4. d4 Nf6 5. Be3 cxd4 6. cxd4 Bg4 7. Ne2 e6 8. Nbc3 Bb4 9. h3 Bh5 10. Qa4+ Nc6 11. a3 Bxc3+ 12. Nxc3 Qd7 13. g4 Bg6 14. Bg2 O-O 15. O-O Rfd8 16. Rad1 Ne7 17. Qb3 Nfd5 18. Bg5 f6 19. Bc1 Rac8 20. Rfe1 b6 21. Bf1 Bf7 22. Ba6 Rc7 23. Ne4 Ng6 24. Qg3 Qa4 25. Bf1 Rcd7 26. h4 h6 27. h5 Nge7 28. Bd3 Qc6 29. Bb1 Qc7 30. Qf3 Kf8 31. Bd2 Nc6 32. Rc1 Nxd4 33. Qd3 Nc6 34. Qb5 Rc8 35. Qa4 Qb7 36. Bd3 a5 37. Bb5 Nde7 38. Be3 Rd5 39. Red1 Ne5 40. Be2 Be8 41. Qb3 Rxc1 42. Rxc1 Bc6 43. Qxb6 Qxb6 44. Bxb6 f5 45. Nc5 Kf7 46. gxf5 Nxf5 47. Nd3 Bb5 48. Nxe5+ Rxe5 49. Bf3 Nh4 50. Rc7+ Kf6 51. Rc3 Kf5 52. Bh1 Kg4 53. Rg3+ Kxh5 54. Rxg7 a4 55. Be3 Be2 56. Bc6 Nf5 

0-1

[Event "Oviedo Rapid"]
[Site "?"]
[Date "1993.??.??"]
[Round "?"]
[White "Goldin, Alexander"]
[Black "Gomez Esteban, Juan Mario"]
[WhiteElo "2555"]
[BlackElo "2410"]
[Result "0-1"]

1. d4 Nf6 2. c4 e6 3. Nf3 d5 4. Nc3 Be7 5. Bg5 O-O 6. e3 h6 7. Bh4 b6 8. Be2 dxc4 9. Ne5 Bb7 10. Bf3 Nd5 11. Bxe7 Qxe7 12. Nxc4 c5 13. dxc5 Nxc3 14. bxc3 Bxf3 15. Qxf3 Qxc5 16. Qxa8 Qxc4 17. Qxa7 Qxc3+ 18. Ke2 Qc4+ 19. Ke1 Nc6 20. Qa3 Nb4 21. Rc1 Nc2+ 22. Rxc2 Qxc2 23. Qb3 Rc8 24. Rf1 Rc3 25. Qxc2 Rxc2 26. a4 Kf8 27. Kd1 Ra2 28. Re1 Rxf2 29. Re2 Rxe2 30. Kxe2 Ke7 31. Kd3 Kd6 32. Kc4 Kc6 33. Kd4 f6 34. Kc4 h5 35. h4 g6 36. g3 e5 37. Kb4 

0-1

[Event "Salamanca"]
[Site "?"]
[Date "1991.??.??"]
[Round "?"]
[White "Zapata, Alonso"]
[Black "Gomez Esteban, Juan Mario"]
[WhiteElo "2530"]
[BlackElo "2400"]
[Result "0-1"]

1. e4 e5 2. Nf3 Nc6 3. Bb5 a6 4. Ba4 Nf6 5. O-O Be7 6. Re1 b5 7. Bb3 d6 8. c3 O-O 9. a4 Bb7 10. d3 Na5 11. Bc2 c5 12. Nbd2 b4 13. Nf1 Rb8 14. Ng3 b3 15. Bb1 g6 16. Bh6 Re8 17. Nd2 Bc8 18. h3 Bf8 19. Bxf8 Kxf8 20. Ra3 Be6 21. Rf1 Nd7 22. Ne2 f6 23. Nc1 c4 24. f4 Kg7 25. Qf3 Bf7 26. Kh1 Nb6 27. Qf2 Rf8 28. Rd1 Qc7 29. dxc4 Nbxc4 30. Nxc4 Nxc4 31. Rxb3 Ne3 32. Qxe3 Bxb3 33. Rd2 Bxa4 34. Ba2 Bb5 35. Nd3 a5 36. c4 Ba6 37. Rc2 Rfd8 38. Rc3 Kh8 39. Qf2 Rf8 40. Qe1 Rfd8 41. Ra3 Ra8 42. Qxa5 Qxa5 43. Rxa5 Bb7 44. Rb5 Bxe4 45. Nf2 Bc6 46. Rb6 Rdc8 47. fxe5 fxe5 48. c5 Rxa2 49. cxd6 Ra5 50. Ng4 Rd5 51. Kh2 h5 52. d7 Bxd7 53. Nf6 Rd2 54. Ne4 Re2 55. Ng3 Rec2 56. Rxg6 Rg8 57. Rh6+ Kg7 58. Rd6 h4 59. Nf1 Kf8 60. Ne3 Re2 61. Rd3 Ke8 

0-1

[Event "Rome-B"]
[Site "?"]
[Date "1984.??.??"]
[Round "?"]
[White "Gomez Esteban, Juan Mario"]
[Black "Andruet, Gilles"]
[WhiteElo "2430"]
[BlackElo "2420"]
[Result "1-0"]

1. d4 Nf6 2. c4 e6 3. Nf3 b6 4. g3 Bb7 5. Bg2 Be7 6. Nc3 O-O 7. Qc2 c5 8. d5 exd5 9. Ng5 g6 10. Qd2 Na6 11. h4 Nc7 12. h5 gxh5 13. cxd5 d6 14. b3 b5 15. Rh2 b4 16. Nce4 Ncxd5 17. Nxh7 Nxh7 18. Qh6 

1-0

[Event "ESP-chT"]
[Site "?"]
[Date "1993.??.??"]
[Round "?"]
[White "Gomez Esteban, Juan Mario"]
[Black "Bellon Lopez, Juan Manuel"]
[WhiteElo "2450"]
[BlackElo "2415"]
[Result "1-0"]

1. d4 Nf6 2. c4 c5 3. d5 b5 4. cxb5 a6 5. e3 g6 6. Nc3 Bg7 7. Bc4 O-O 8. Nge2 Ne8 9. bxa6 Bxa6 10. Bxa6 Rxa6 11. O-O d6 12. Rb1 Qa5 13. Bd2 Nd7 14. b3 Nc7 15. Na4 Qb5 16. Bc3 Nf6 17. Nf4 Qb7 18. Qf3 Rb8 19. Bxf6 Bxf6 20. Rbc1 Be5 21. Nd3 Rxa4 22. Nxe5 f6 23. bxa4 fxe5 24. e4 Qa6 25. Rb1 Ra8 26. Qg4 e6 27. dxe6 Re8 28. f4 Nxe6 29. f5 Nf4 30. fxg6 Nxg6 31. Rf6 Qxa4 32. h4 Kh8 33. Rb7 Rg8 34. Rxh7+ 

1-0

[Event "Spanish Championship"]
[Site "?"]
[Date "2000.08.21"]
[Round "?"]
[White "Gomez Esteban, Juan Mario"]
[Black "Beltran Rueda, Santiago"]
[WhiteElo "2516"]
[BlackElo "2405"]
[Result "1-0"]

1. d4 d5 2. Nf3 Nf6 3. c4 e6 4. Nc3 c6 5. Bg5 dxc4 6. e4 b5 7. e5 h6 8. Bh4 g5 9. Nxg5 Nd5 10. Nf3 Qa5 11. Rc1 Nd7 12. g3 Bb7 13. Bg2 Ne7 14. O-O Nf5 15. a4 a6 16. Ne4 Nxh4 17. Nxh4 Be7 18. axb5 axb5 19. b3 cxb3 20. Qxb3 Qa3 21. Qd1 Rd8 22. Qh5 Qb4 23. Ng6 

1-0

[Event "ESP-ch"]
[Site "?"]
[Date "1997.10.06"]
[Round "?"]
[White "Gomez Esteban, Juan Mario"]
[Black "Bernal Moro, Luis Javier"]
[WhiteElo "2490"]
[BlackElo "2430"]
[Result "1-0"]

1. d4 Nf6 2. c4 g6 3. g3 Bg7 4. Bg2 O-O 5. Nc3 d6 6. Nf3 c6 7. O-O Qa5 8. h3 e5 9. e4 Nbd7 10. Re1 exd4 11. Nxd4 Re8 12. Be3 Ne5 13. Bf1 Be6 14. Nxe6 Rxe6 15. Kg2 Rae8 16. Rb1 Ned7 17. Qd2 Qc7 18. f3 h5 19. Bf2 a6 20. Red1 b5 21. a4 b4 22. Ne2 d5 23. exd5 cxd5 24. Nd4 Rd6 25. c5 Nxc5 26. Qxb4 Rb8 27. Qc3 Ne6 28. Qxc7 Nxc7 29. b4 Nd7 30. Rdc1 Bxd4 31. Bxd4 Ne6 32. Ba7 Rb7 33. Bf2 d4 34. Bd3 Rdb6 35. Rc8+ Kg7 36. b5 axb5 37. Bxb5 Ne5 38. Rd1 h4 39. Rxd4 Nxd4 

1-0

[Event "Canete"]
[Site "?"]
[Date "1994.??.??"]
[Round "?"]
[White "Gomez Esteban, Juan Mario"]
[Black "Campora, Daniel H"]
[WhiteElo "2465"]
[BlackElo "2560"]
[Result "1-0"]

1. e4 e5 2. Nf3 Nc6 3. Bb5 Nf6 4. O-O d6 5. d4 Bd7 6. Re1 Be7 7. d5 Nb8 8. Bxd7+ Nbxd7 9. c4 O-O 10. Nc3 c6 11. h3 a5 12. b3 Nc5 13. Ba3 Nfd7 14. Rb1 Kh8 15. Bxc5 Nxc5 16. a3 f5 17. exf5 Rxf5 18. b4 axb4 19. axb4 Nd7 20. dxc6 bxc6 21. b5 Rc8 22. bxc6 Rxc6 23. Nd5 Bf8 24. Rb7 Nc5 25. Ra7 Qb8 26. Qa1 Qd8 27. Qa3 Kg8 28. Nd4 exd4 29. Ne7+ Bxe7 30. Rexe7 Rg5 31. Qf3 Rc8 32. h4 Rg6 33. h5 Rg5 34. Qf7+ Kh8 35. h6 Qg8 36. hxg7+ Qxg7 37. Qxg7+ Rxg7 38. Rxg7 d3 39. Rxh7+ Kg8 40. Rag7+ Kf8 41. Rf7+ Kg8 42. Rhg7+ Kh8 43. Rg6 Ne4 44. Rf3 

1-0

[Event "49th Spanish Championship Honor 1"]
[Site "?"]
[Date "2005.08.26"]
[Round "?"]
[White "Gomez Esteban, Juan Mario"]
[Black "Campora, Daniel H"]
[WhiteElo "2467"]
[BlackElo "2538"]
[Result "1-0"]

1. d4 Nf6 2. c4 d6 3. Nf3 c6 4. Nc3 Bg4 5. e4 Nbd7 6. Be2 g6 7. Be3 Bxf3 8. Bxf3 Bg7 9. O-O O-O 10. Rc1 e5 11. d5 c5 12. Kh1 Kh8 13. Qb3 b6 14. Qa4 Ne8 15. Bg4 f5 16. Bh3 Rf7 17. exf5 gxf5 18. f3 Nf8 19. Qc2 Qf6 20. Ne2 Qg6 21. Bd2 f4 22. g3 Qxc2 23. Rxc2 Ng6 24. Nc3 Nf6 25. Be1 Bh6 26. Re2 a6 27. a4 Rb8 28. Be6 Rff8 29. Kg2 Kg7 30. Rh1 fxg3 31. hxg3 Bg5 32. Ne4 Nxe4 33. Rxe4 b5 34. axb5 axb5 35. cxb5 Rxb5 36. Bc3 Ra8 37. f4 Bf6 38. f5 Ne7 39. Rg4+ Kh8 40. Rh6 Bg7 41. Rhh4 Bf6 42. Rh6 Bg7 43. Rhh4 Bf6 44. Ra4 Rab8 45. Rh1 Kg7 46. Rg4+ Kh8 47. Ra1 h5 48. Rh1 Rxb2+ 49. Bxb2 Rxb2+ 50. Kf3 h4 

1-0

[Event "ESP-ch"]
[Site "?"]
[Date "1991.??.??"]
[Round "?"]
[White "Gomez Esteban, Juan Mario"]
[Black "Comas Fabrego, Lluis"]
[WhiteElo "2395"]
[BlackElo "2405"]
[Result "1-0"]

1. d4 Nf6 2. Nf3 g6 3. c4 Bg7 4. g3 O-O 5. Bg2 d6 6. O-O Nbd7 7. Nc3 e5 8. e4 c6 9. Rb1 a6 10. dxe5 dxe5 11. b4 b5 12. a4 Qe7 13. Qe2 a5 14. axb5 axb4 15. bxc6 bxc3 16. cxd7 Bxd7 17. Rb3 Bc6 18. Ne1 Nd7 19. Rxc3 f5 20. Nc2 Nc5 21. Ba3 Rxa3 22. Rxa3 Bxe4 23. Bxe4 Nxe4 24. Rfa1 Rd8 25. Ra8 h5 26. R1a7 Qf8 27. Rxd8 Qxd8 28. c5 Kh7 29. Ne3 f4 30. Nf5 gxf5 31. Qxh5+ Kg8 32. Qf7+ 

1-0

[Event "Elgoibar"]
[Site "?"]
[Date "1998.11.26"]
[Round "?"]
[White "Gomez Esteban, Juan Mario"]
[Black "Georgiev, Vladimir"]
[WhiteElo "2475"]
[BlackElo "2540"]
[Result "1-0"]

1. d4 d5 2. c4 c6 3. Nf3 Nf6 4. Nc3 dxc4 5. a4 Bf5 6. e3 e6 7. Bxc4 Bb4 8. O-O O-O 9. Qe2 Bg6 10. Ne5 Nbd7 11. Nxg6 hxg6 12. Rd1 Qa5 13. Na2 Qxa4 14. e4 Qa5 15. e5 Nd5 16. h4 Rfe8 17. Rd3 N7b6 18. Bb3 Qb5 19. Bc2 Bf8 20. h5 gxh5 21. Qxh5 g6 22. Rg3 Bg7 23. Qh4 Qe2 24. Bd3 Qe1+ 25. Kh2 Re7 26. Bh6 Qxf2 27. Bxg7 Kxg7 28. Rxg6+ fxg6 29. Qxf2 Rf7 30. Qg3 Nf4 31. Rf1 Nbd5 32. Nc3 Rh8+ 33. Kg1 Nxd3 34. Rxf7+ Kxf7 35. Qxd3 Ne7 36. Ne4 Nf5 37. Ng5+ 

1-0

[Event "6th Aceimar op"]
[Site "?"]
[Date "1999.07.30"]
[Round "?"]
[White "Gomez Esteban, Juan Mario"]
[Black "Giorgadze, Giorgi"]
[WhiteElo "2476"]
[BlackElo "2602"]
[Result "1-0"]

1. Nf3 Nf6 2. c4 e6 3. Nc3 d5 4. d4 Bb4 5. e3 O-O 6. Bd3 b6 7. O-O Bb7 8. a3 Bd6 9. Nb5 Be7 10. cxd5 exd5 11. Qc2 c5 12. b3 Nbd7 13. Bb2 a6 14. Nc3 Rc8 15. Qe2 b5 16. dxc5 Nxc5 17. Bf5 Rc7 18. Nd4 Nfe4 19. Rac1 g6 20. b4 Nxc3 21. Rxc3 Na4 22. Rxc7 Qxc7 23. Ba1 Bd6 24. f4 gxf5 25. Nxf5 f6 26. Qg4+ Kh8 27. Qg5 d4 28. Bxd4 Be5 29. fxe5 fxe5 30. Qh6 Rf7 31. Qe6 

1-0